Spoločenská zodpovednosť organizácií ako konkurenčná výhoda krajiny

Spoločenská zodpovednosť organizácií (CSR) ako nástroj odlíšenia sa od konkurencie. Vplyvy spoločenskej zodpovednosti na organizáciu. Úloha spoločenskej zodpovednosti organizácií v rozvoji krajiny. CSR ako konkurenčná výhoda krajiny.

Gespeichert in:
Bibliographische Detailangaben
1. Verfasser: Németh, Hajnalka
Format: Buchkapitel
Sprache:Slowakisch
Schlagworte:
Tags: Tag hinzufügen
Keine Tags, Fügen Sie das erste Tag hinzu!

MARC

LEADER 00000naa a2200000 4500
001 0250158
005 20190115105849.4
041 0 |a slo 
044 |a SK 
245 1 0 |a Spoločenská zodpovednosť organizácií ako konkurenčná výhoda krajiny  |c Hajnalka Németh 
520 |a Spoločenská zodpovednosť organizácií (CSR) ako nástroj odlíšenia sa od konkurencie. Vplyvy spoločenskej zodpovednosti na organizáciu. Úloha spoločenskej zodpovednosti organizácií v rozvoji krajiny. CSR ako konkurenčná výhoda krajiny. 
610 2 0 |a zodpovednosť spoločenská 
610 2 0 |a organizácie 
610 2 0 |a firmy 
610 2 0 |a konkurencia 
610 2 0 |a výhody konkurenčné 
610 2 0 |a inovácia 
610 2 0 |a výkonnosť 
610 2 0 |a efektívnosť 
610 2 0 |a štát 
100 1 |a Németh, Hajnalka